00635nam a2200193 a 450000100060000000300080000600500170001400800410003103500190007204000260009104100080011708200220012510000320014724501260017926000470030530000350035250400350038765000190042261483BD-RjUL20211209080953.0170118s1974 ii a|||| b||| 001 0 eng d a(BD-RjUL)61607 aBD-RjULbengcBD-RjUL aeng 223bSRF 1974a306 a Srivastava, Sahab Lal  aFolk culture and oral tradition :ba comparative study of regions in Rajasthan and eastern U.P. /c Sahab Lal Srivastava aNew Delhi :bAbhinav Publications,cc1974. axvi, 404 p. :bill. ;c21 cm.  aIncludes bibliography n& index aSocial Culture